000 00671nam a22001817a 4500
003 UA-OsUOA
001 19699
007 ta
008 20040915b un ||||| |||| 00| 0 ukr d
100 _aБоровець Б.
942 _cSA
040 _aUA-OsUOA
_cUA-OsUOA
_dUA-OsUOA
245 _aДля майбутніх олімпійців
_b[Про відкриття нового приміщення для ліцею-інтернату спорт. профілю в Березному]
300 _aС.1
955 _a0
773 0 _w0
_tНадслучанський вісник
_dБерезне
_d2004
_gN75/8 верес./
650 7 _aКраєзнавча робота
_2UDC
999 _c305870
_d305870